000 00353nam a22001337a 4500
008 230626b xxu||||| |||| 00| 0 eng d
020 _a0871871009
082 _a328.7105
_bCAN
100 _cCAN
245 _aSecond Commonwealth Conference on Deligated Legislation
_bReport of the Conference
260 _aCanada
_bCAN
300 _a31p
942 _2ddc
_cBK
999 _c2586
_d2586